| 000 | 00491cam a2200169 a 4500 | ||
|---|---|---|---|
| 020 | _a8170361893 : | ||
| 040 | _cDLC | ||
| 082 | _a338 SAG 1990 A077 Or. | ||
| 245 | 0 | 0 |
_aDairy aid and development : _bIndia's operation flood / |
| 260 |
_aNew Delhi ; _aNewbury Park, Calif. : _bSage Publications, _c1990. |
||
| 300 |
_a336 p. ; _c22 cm. |
||
| 500 | _aIncludes index. | ||
| 650 | 0 | _aDairy products industry | |
| 650 | 0 | _aAgricultural subsidies | |
| 700 | 1 | _aDoornbos, Martin R. | |
| 942 | _cEK | ||
| 999 |
_c15427 _d15427 |
||